[Event "Mitropa Cup 21st"]
[Site "Leipzig"]
[Date "2002.05.09"]
[Round "7.3"]
[White "Mikhalchishin, Adrian"]
[Black "Graf, Alexander"]
[Result "1/2-1/2"]
[WhiteElo "2535"]
[BlackElo "2623"]
[Annotator "Golod,V"]
[PlyCount "74"]
[EventDate "2002.05.03"]
[EventType "team-tourn"]
[EventRounds "9"]
[EventCountry "GER"]
[Source "ChessBase"]
[SourceDate "2002.08.12"]
[WhiteTeam "Slovenia"]
[BlackTeam "Germany"]
[WhiteTeamCountry "SLO"]
[BlackTeamCountry "GER"]

1. Nf3 Nf6 2. c4 e6 3. Nc3 Bb4 4. Qc2 O-O 5. a3 Bxc3 6. Qxc3 d6 7. d4 Nbd7 8.
Bg5 b6 9. e3 Bb7 10. Nd2 Rc8 11. f3 (11. b4 $5 {See comments to Seirawan,
Y-Gelfand,B/Istanbul,2000/CBM 80(1/2-1/2)(Golod,V)(67)}) 11... c5 12. Be2 ({In
my opinion a little worse is} 12. dxc5 Rxc5 (12... bxc5 $6 13. Bd3 h6 14. Bh4
Qb6 15. O-O d5 16. Bf2 a5 17. Rfd1 Bc6 18. Rab1 $14 {Hoang Thanh
Trang-Ghorbani,M/Calcutta,2001(1-0)(68)}) 13. Bh4 Rc8 $5 (13... d5 14. b4 Rc8
15. Qb2 Re8 16. Be2 Qc7 17. O-O Qe5 18. Qxe5 Nxe5 {+/=/= Wang Lei-Karpov,A/
Beijing,1998(1/2-1/2)(34)}) 14. Be2 d5 15. O-O Ba6 16. a4 Ne4 $1 17. Nxe4 Qxh4
18. Nd6 Rc7 19. b3 $11 {1/2-1/2 Onischuk,A-Epishin,V/Germany,2000(19)}) 12...
d5 ({It deserves attention:} 12... Re8 {[%csl Rc3,Re7,Ye8,Rg5][%cal Gf6d5,
Ye8e7] See comments to Onischuk,A-Tiviakov,S/Wijk aan Zee,2000/CBM 75(1/2-1/2)
(Tiviakov,S)(25)}) 13. dxc5 Rxc5 ({After:} 13... bxc5 $6 14. O-O {white has a
slight positional advantage.}) 14. b4 Rc8 15. Qb2 {It is necessary to leave by
the queen from <->c.} Qc7 16. O-O $6 $146 {Black receive a approximately equal
position,owing to this unsuccessful novelty.} (16. Bf4 $142 e5 17. Bg3 Nh5 (
17... Ba6 $5 18. b5 (18. Rc1 $5) 18... Bb7 19. O-O Rfe8 20. Rac1 Qc5 21. Bf2 e4
$5 {+/=/= Socko,M-Zatonskih,A/Leon,2001(1-0)(35)}) 18. Bf2 dxc4 $5 (18... e4 $6
19. f4 $14 {See comments to Dreev,A-Razuvaev,Y/St.Petersburg,1998/CBM 67(1-0)
(Golod,V)(40)}) (18... d4 19. O-O dxe3 20. Bxe3 Nf4 21. Bxf4 (21. Rfe1 $5)
21... exf4 22. Nb3 Rfe8 23. Rfd1 Re3 24. Rd2 Qe5 $6 (24... Rce8 $5 25. Rad1 Nf8
26. Nd4 Qe5 $132 {Onischuk,A}) 25. Rad1 $1 Qxb2 26. Rxb2 $14 {See comments to
Chekhov,V-Onischuk,A/Deutschland,1996/Inf 66/459 (1-0)(Chekhov,V)(39)}) 19.
Nxc4 Bd5 20. Nd2 f5 21. O-O Qc3 22. Qxc3 Rxc3 23. Rfd1 Nhf6 24. Bb5 (24. Ba6 {
1/2-1/2 Hillarp Persson,T-Petursson,M/Aruna,1997}) 24... Rfc8 25. Nf1 Nf8 26.
Ba6 R8c7 27. Be1 R3c6 28. Bb5 Re6 29. Bh4 $14 {Socko,M-Szymanska,M/Glogow,2001
(1-0)(46)}) 16... Qe5 $1 {[%csl Rb2,Rg5] Now black can exchange the queens in
a favorable situation.} 17. Qxe5 Nxe5 18. Rfc1 (18. cxd5 $6 Nxd5 {[%csl Re3,
Yg5][%cal Gh7h6,Yg5e3]}) ({Is a possible continuation of the play:} 18. Rac1 $5
) 18... Ba6 {Alexander Graf entices of the black pawn on "b5" with the purpose
to receive the control above ><c5.} 19. b5 Bb7 20. cxd5 ({Very dubiously:} 20.
Bxf6 gxf6 21. cxd5 Bxd5 22. f4 Nd7 {[%csl Rc5][%cal Gd7c5]}) 20... Nxd5 $5 {
[%csl Re3][%cal Gh7h6]} 21. e4 $140 h6 $1 22. exd5 (22. Bh4 $143 Nf4 23. Bf1
Nfd3 {<->c}) 22... hxg5 23. dxe6 fxe6 {Black have worsened pawns structure,
but  have simplified a position.Now they have an opportunity to arrange the
conveniently pieces at the centre.} 24. Nc4 $1 {It is necessary to exchange a
strong knight of black.} Nxc4 25. Bxc4 Kf7 {[%csl Re6,Yf7,Rg5,Rg7][%cal Yf7f6,
Yf6e6,Yf6g7,Yf6g5]} 26. a4 Kf6 27. Kf2 Rc5 28. Be2 Rxc1 29. Rxc1 Rc8 $11 30.
Ra1 {[%cal Ga4a5]} ({Also leads to equality:} 30. Rxc8 Bxc8 31. Ke3 Ke5 32. Bc4
{[%cal Gg2g3,Gf3f4]} Bb7 33. g3 Bd5 34. f4+ gxf4+ 35. gxf4+ Kd6) 30... Bd5 31.
a5 bxa5 $1 {This move is much better,than:} (31... Rc2 32. axb6 axb6 33. Ke3 {
[%csl Rb6][%cal Ga1a6]}) 32. Rxa5 Rc7 {[%csl Yc7]} 33. Ra4 Ke5 34. Ke3 Rc3+ 35.
Kd2 Rc7 36. Ke3 {Not clearly,as white can strengthen the position.} Rc3+ 37.
Kd2 Rc7 1/2-1/2

[Event "Mitropa Cup 21st"]
[Site "Leipzig"]
[Date "2002.05.09"]
[Round "7.4"]
[White "Doettling, Fabian"]
[Black "Mohr, Georg"]
[Result "1/2-1/2"]
[WhiteElo "2540"]
[BlackElo "2509"]
[PlyCount "63"]
[EventDate "2002.05.03"]
[EventType "team-tourn"]
[EventRounds "9"]
[EventCountry "GER"]
[Source "ChessBase"]
[SourceDate "2002.08.12"]
[WhiteTeam "Germany"]
[BlackTeam "Slovenia"]
[WhiteTeamCountry "GER"]
[BlackTeamCountry "SLO"]

1. d4 Nf6 2. Nf3 g6 3. c4 Bg7 4. Nc3 O-O 5. e4 d6 6. Be2 e5 7. O-O c6 8. Re1
exd4 9. Nxd4 Re8 10. Bf1 Ng4 11. h3 Qb6 12. hxg4 Qxd4 13. g5 Qxd1 14. Rxd1 Be5
15. Be3 Nd7 16. f3 f6 17. gxf6 Nxf6 18. Rd2 Be6 19. Rad1 h5 20. Na4 Bf7 21. Bd4
Kg7 22. Bc3 g5 23. Rxd6 Bxd6 24. Rxd6 Re6 25. Rxe6 Bxe6 26. Nc5 Bc8 27. e5 Ne8
28. e6+ Kf8 29. Bb4 Kg7 30. Bc3+ Kf8 31. Bb4 Kg7 32. Bc3+ 1/2-1/2

[Event "Mitropa Cup 21st"]
[Site "Leipzig"]
[Date "2002.05.09"]
[Round "7.1"]
[White "Markos, Jan"]
[Black "Sedina, Elena"]
[Result "0-1"]
[WhiteElo "2467"]
[BlackElo "2407"]
[PlyCount "58"]
[EventDate "2002.05.03"]
[EventType "team-tourn"]
[EventRounds "9"]
[EventCountry "GER"]
[Source "ChessBase"]
[SourceDate "2002.08.12"]
[WhiteTeam "Slovakia"]
[BlackTeam "Italy"]
[WhiteTeamCountry "SVK"]
[BlackTeamCountry "ITA"]

1. d4 Nf6 2. c4 c6 3. Nc3 d5 4. e3 a6 5. Qc2 g6 6. Bd3 Bg7 7. Nf3 O-O 8. O-O
Bg4 9. Ne5 Be6 10. Bd2 dxc4 11. Nxc4 b5 12. Ne5 c5 13. dxc5 Qc7 14. Nf3 Qxc5
15. Nd4 Bd7 16. b4 Qb6 17. Ne4 Nc6 18. Nc5 Nxd4 19. exd4 Bc6 20. Rac1 Rac8 21.
Qb3 Nd5 22. Be4 Rfd8 23. Be3 e6 24. Bg5 Re8 25. Rfd1 h6 26. Bh4 Nf4 27. Qf3
Bxe4 28. Qxe4 Qc6 29. Qe3 Qxg2# 0-1

[Event "Mitropa Cup 21st"]
[Site "Leipzig"]
[Date "2002.05.09"]
[Round "7.2"]
[White "Sarno, Spartaco"]
[Black "Plachetka, Jan"]
[Result "1/2-1/2"]
[WhiteElo "2399"]
[BlackElo "2441"]
[PlyCount "55"]
[EventDate "2002.05.03"]
[EventType "team-tourn"]
[EventRounds "9"]
[EventCountry "GER"]
[Source "ChessBase"]
[SourceDate "2002.08.12"]
[WhiteTeam "Italy"]
[BlackTeam "Slovakia"]
[WhiteTeamCountry "ITA"]
[BlackTeamCountry "SVK"]

1. c4 c5 2. g3 Nc6 3. Bg2 g6 4. Nc3 Bg7 5. e3 Nh6 6. Nge2 Nf5 7. O-O h5 8. b3
d6 9. Bb2 Bd7 10. d3 Qc8 11. Qd2 h4 12. Ne4 hxg3 13. hxg3 Ne5 14. d4 Ng4 15.
dxc5 dxc5 16. Bxg7 Nxg7 17. Nf4 Bc6 18. Nd5 Nf5 19. Rfd1 f6 20. Nxc5 Rh2 21. e4
Bxd5 22. cxd5 Nfe3 23. fxe3 Qxc5 24. Qd4 Rxg2+ 25. Kxg2 Nxe3+ 26. Kf3 Qxd4 27.
Rxd4 Nc2 28. Rad1 1/2-1/2

[Event "Mitropa Cup 21st"]
[Site "Leipzig"]
[Date "2002.05.09"]
[Round "7.4"]
[White "Isonzo, Davide"]
[Black "Manik, Mikulas"]
[Result "0-1"]
[WhiteElo "2360"]
[BlackElo "2410"]
[PlyCount "36"]
[EventDate "2002.05.03"]
[EventType "team-tourn"]
[EventRounds "9"]
[EventCountry "GER"]
[Source "ChessBase"]
[SourceDate "2002.08.12"]
[WhiteTeam "Italy"]
[BlackTeam "Slovakia"]
[WhiteTeamCountry "ITA"]
[BlackTeamCountry "SVK"]

1. c4 g6 2. Nc3 Bg7 3. Nf3 c5 4. g3 Nc6 5. Bg2 e5 6. O-O Nge7 7. d3 d6 8. Bg5
f6 9. Bd2 Be6 10. a3 O-O 11. Rb1 a5 12. Ne1 d5 13. cxd5 Nxd5 14. Qb3 a4 15.
Qxb7 Na5 16. Qb5 Nb3 17. Qc6 Nd4 18. Qxc5 Ra5 0-1

[Event "Mitropa Cup 21st"]
[Site "Leipzig"]
[Date "2002.05.10"]
[Round "8.1"]
[White "Borgo, Giulio"]
[Black "Balinov, Ilija"]
[Result "1/2-1/2"]
[WhiteElo "2418"]
[BlackElo "2460"]
[PlyCount "40"]
[EventDate "2002.05.03"]
[EventType "team-tourn"]
[EventRounds "9"]
[EventCountry "GER"]
[Source "ChessBase"]
[SourceDate "2002.08.12"]
[WhiteTeam "Italy"]
[BlackTeam "Austria"]
[WhiteTeamCountry "ITA"]
[BlackTeamCountry "AUT"]

1. e4 c5 2. Nf3 Nc6 3. Bb5 g6 4. O-O Bg7 5. Re1 e5 6. Bxc6 dxc6 7. d3 Qe7 8.
Nbd2 Nf6 9. b3 O-O 10. Bb2 Nh5 11. Nc4 f6 12. g3 Bg4 13. Ne3 Bh3 14. Kh1 Rad8
15. Qe2 Bc8 16. Nh4 Qf7 17. Nhg2 Rfe8 18. f4 exf4 19. Nxf4 Nxf4 20. gxf4 b5
1/2-1/2

[Event "Mitropa Cup 21st"]
[Site "Leipzig"]
[Date "2002.05.10"]
[Round "8.3"]
[White "Mantovani, Renzo"]
[Black "Groetz, Harald"]
[Result "0-1"]
[WhiteElo "2369"]
[BlackElo "2353"]
[Annotator "Mueller,Karsten"]
[PlyCount "26"]
[EventDate "2002.05.03"]
[EventType "team-tourn"]
[EventRounds "9"]
[EventCountry "GER"]
[Source "ChessBase"]
[SourceDate "2002.08.12"]
[WhiteTeam "Italy"]
[BlackTeam "Austria"]
[WhiteTeamCountry "ITA"]
[BlackTeamCountry "AUT"]

1. e4 c5 2. Nf3 d6 3. d4 cxd4 4. Nxd4 Nf6 5. Nc3 Nc6 6. f4 Qb6 7. Nb3 g6 (7...
e6) 8. Be2 {Weiß verfügt an dieser Stelle über viele beachtenswerte
Möglichkeiten:} (8. Qf3 Bg7 (8... Bg4 $5) 9. Be3 Qc7 10. h3 O-O 11. Be2 a6 12.
a4 b6 13. O-O e6 14. Rad1 $11 {1-0 Nagy,J-Hoelscher,T/Balatonbereny 1994/EXT
94op (24)}) (8. h3 Bg7 9. Qf3 a6 10. Be3 Qc7 11. g4 b5 12. g5 Nd7 13. Nd5 Qd8
14. O-O-O Bb7 15. Qf2 O-O 16. h4 e6 17. Nc3 b4 18. Ne2 Na5 $132 {0-1 Aginian,
N-Leclair,M/Yerevan ARM 2000/The Week in Chess 308 (42)}) (8. Bd3 Bg7 9. Qe2
Bg4 10. Qe3 Qxe3+ 11. Bxe3 h5 12. Nd4 $2 {übersieht den folgenden typischen
Schlag} (12. O-O $142) 12... Nxe4 $1 13. Ncb5 (13. Bxe4 Nxd4 14. Bxb7 $2 Rb8
$17) 13... Nxd4 14. Bxd4 Bxd4 15. Bxe4 Bb6 16. Bxb7 Rb8 17. Bc6+ Kf8 $17 {0-1
Hadzinikola,E-Blazkova,P/EUchJW-U18 Hania 1994/EXT 94ch2 (25)}) (8. Nd5 $5 Nxd5
9. exd5 Na5 10. Nxa5 Qxa5+ 11. c3 Bg7 12. Be3 O-O (12... Bf5 13. Bd4 Bf6 14.
Be2 Be4 15. O-O O-O 16. Bf3 {1/2-1/2 Podlesnik,B-Beliavsky,A/SLO-ch 1996/EXT
96ch2 (16)}) 13. Be2 b6 14. O-O Bb7 15. Bf3 Qb5 16. Qb3 Qd3 17. Rfe1 Rfc8 18.
a4 Ba6 19. Bf2 Bc4 20. Qa3 Qf5 21. Rxe7 Qxf4 22. Bg3 Qg5 23. Ree1 Bxd5 24. Bxd5
Qxd5 25. Qxd6 {1/2-1/2 Podlesnik,B-Sax,G/Maribor 1996/Inf 67 (25)}) (8. a4 Be6
9. a5 Qc7 10. Nd5 Bxd5 11. exd5 Nb8 $2 (11... Nb4 $142) 12. Bb5+ Nbd7 13. a6
$14 {1-0 Kupreichik,V-Sher,M/Dortmund 1991/TD 91\04 (58)}) 8... Bg7 (8... h5 $6
9. Bf3 (9. Nd5 Nxd5 10. exd5 Na5 11. Nxa5 Qxa5+ 12. c3 $14) 9... Ng4 10. Qe2
Bg7 (10... Nxh2 $5 11. Nd5 Nxf3+ 12. Qxf3 Qd8 13. Qc3 $44) 11. Nd5 Qd8 12. c3
e6 13. Ne3 Nf6 14. O-O O-O 15. Bd2 Re8 16. Rad1 Qc7 17. Be1 $14 {1-0 Marcoli,
P-Paoli,E/Mendrisio SUI 1999 (38).}) 9. g4 $2 {Diese Expansion am Königsflügel
kommt zu einem ungünstigen Zeitpunkt. Schwarz gelingt es nun in brillanter
Manier, die offene weiße Flanke aufzurollen.} (9. a4 {und}) (9. Nd5 {kommen in
Betracht.}) 9... h5 $1 {legt den Finger auf die weiße Wunde.} 10. Nd5 $2 (10.
gxh5 $142 Nxh5 11. Nd5 Qd8 $15) 10... Nxd5 11. exd5 hxg4 (11... Nd4 {ist
ebenfalls besser für Schwarz.}) 12. Bxg4 $2 (12. dxc6 {ist zäher, z.B.} g3 13.
Kd2 (13. Qd5 Qf2+ 14. Kd2 (14. Kd1 $2 Rxh2 15. Re1 (15. Rxh2 Qg1+ 16. Kd2 gxh2
17. cxb7 (17. Qb5 b6 18. Bf3 a6 19. Qe2 Bg4 $19) 17... Bxb7 18. Qxb7 h1=Q $19)
15... g2 16. cxb7 Qxe1+ 17. Kxe1 g1=Q+ 18. Kd2 Rxe2+ 19. Kd3 Qg3+ 20. Kxe2 Bg4+
21. Kf1 Bh3+ 22. Ke2 Qh2+ 23. Ke3 Qg1+ 24. Ke2 Bf1+ 25. Kd2 Qf2+ 26. Kd1 Qe2#)
14... Bg4 15. Qb5 Bxe2 16. Qxe2 g2 $19) (13. cxb7 $2 Bxb7 $19) 13... Rxh2 14.
c3 (14. Rxh2 $2 gxh2 15. Qh1 Qg1 16. Bf3 Qf2+ 17. Kd3 (17. Kd1 $2 Bg4 18. Bxg4
Qg1+ $19) 17... Bf5+ 18. Kc4 Qxc2+ 19. Kb4 a5+ 20. Ka3 Qc4 21. Bd2 b5 $19)
14... Bf5 15. Rxh2 gxh2 16. Bf3 bxc6 $17) 12... Rxh2 13. Rf1 (13. Rxh2 Qg1+ 14.
Kd2 Qxh2+ 15. Ke3 Nb4 $19) 13... Nb4 0-1

[Event "Mitropa Cup 21st"]
[Site "Leipzig"]
[Date "2002.05.10"]
[Round "8.4"]
[White "Pilaj, Herwig"]
[Black "Isonzo, Davide"]
[Result "1/2-1/2"]
[WhiteElo "2310"]
[BlackElo "2360"]
[PlyCount "30"]
[EventDate "2002.05.03"]
[EventType "team-tourn"]
[EventRounds "9"]
[EventCountry "GER"]
[Source "ChessBase"]
[SourceDate "2002.08.12"]
[WhiteTeam "Austria"]
[BlackTeam "Italy"]
[WhiteTeamCountry "AUT"]
[BlackTeamCountry "ITA"]

1. Nf3 Nf6 2. c4 g6 3. Nc3 Bg7 4. d4 O-O 5. e4 d6 6. Be2 e5 7. Be3 exd4 8. Nxd4
Re8 9. f3 c6 10. Bf2 d5 11. exd5 cxd5 12. O-O Nc6 13. c5 Nh5 14. Qd2 Be5 15. g3
Ng7 1/2-1/2

[Event "Mitropa Cup 21st"]
[Site "Leipzig"]
[Date "2002.05.10"]
[Round "8.1"]
[White "Ruck, Robert"]
[Black "Golubovic, Boris"]
[Result "1/2-1/2"]
[WhiteElo "2569"]
[BlackElo "2462"]
[PlyCount "105"]
[EventDate "2002.05.03"]
[EventType "team-tourn"]
[EventRounds "9"]
[EventCountry "GER"]
[Source "ChessBase"]
[SourceDate "2002.08.12"]
[WhiteTeam "Hungary"]
[BlackTeam "Croatia"]
[WhiteTeamCountry "HUN"]
[BlackTeamCountry "CRO"]

1. Nf3 d5 2. d4 e6 3. c4 c5 4. cxd5 exd5 5. Nc3 Nc6 6. g3 Nf6 7. Bg2 Be7 8. O-O
O-O 9. b3 b6 10. Bb2 Bb7 11. Rc1 Ne4 12. Na4 cxd4 13. Nxd4 Nxd4 14. Bxd4 Ba3
15. Rc2 Rc8 16. Rxc8 Qxc8 17. Qa1 f6 18. Nc3 Nxc3 19. Bxc3 Qf5 20. Bb2 Bxb2 21.
Qxb2 Rc8 22. Qa3 a6 23. Qd6 b5 24. Rd1 h6 25. Bf3 Kh8 26. Kg2 Qc2 27. Rd3 Qc7
28. Qxc7 Rxc7 29. Bxd5 Bxd5+ 30. Rxd5 Rc2 31. a4 bxa4 32. bxa4 Rxe2 33. Rd6 Ra2
34. Rxa6 h5 35. h4 Kh7 36. Kf3 Kg6 37. Ra7 Kf5 38. Ra5+ Kg6 39. Ke3 Kh6 40. Ra8
Kg6 41. a5 Kf5 42. a6 Kg6 43. f3 Kf5 44. Kd4 Ra3 45. Kc4 Rxf3 46. Kb4 Rf1 47.
Rg8 Rb1+ 48. Kc5 Rc1+ 49. Kb6 Rb1+ 50. Kc6 Rc1+ 51. Kb7 Rb1+ 52. Kc6 Rc1+ 53.
Kb7 1/2-1/2

[Event "Mitropa Cup 21st"]
[Site "Leipzig"]
[Date "2002.05.10"]
[Round "8.2"]
[White "Kovacevic, Blazimir"]
[Black "Berkes, Ferenc"]
[Result "1/2-1/2"]
[WhiteElo "2461"]
[BlackElo "2511"]
[PlyCount "120"]
[EventDate "2002.05.03"]
[EventType "team-tourn"]
[EventRounds "9"]
[EventCountry "GER"]
[Source "ChessBase"]
[SourceDate "2002.08.12"]
[WhiteTeam "Croatia"]
[BlackTeam "Hungary"]
[WhiteTeamCountry "CRO"]
[BlackTeamCountry "HUN"]

1. c4 Nf6 2. Nc3 c5 3. Nf3 b6 4. e3 e6 5. d4 cxd4 6. exd4 d6 7. Bd3 Nbd7 8. O-O
Be7 9. Re1 O-O 10. Bc2 Ba6 11. b3 Rc8 12. d5 e5 13. a4 Bb7 14. Bd2 a5 15. h3
Nc5 16. Nh2 Nfd7 17. Nb5 f5 18. f4 e4 19. Nf1 Nb8 20. Bc3 Nba6 21. Qd2 Bf6 22.
Nd4 Nb4 23. Ne3 Nxc2 24. Qxc2 g6 25. Rad1 Qe7 26. Rf1 Bg7 27. Ne2 Rce8 28. Rb1
Bc8 29. Qd2 Bd7 30. Bxg7 Qxg7 31. Qd4 h6 32. Qxg7+ Kxg7 33. Nd4 Nd3 34. g3 Rf6
35. Kg2 Kf7 36. h4 Rg8 37. Rh1 Ke8 38. Rbf1 Kd8 39. Rh2 Kc7 40. Rhh1 Rg7 41.
Rh2 Rg8 42. Rhh1 Kb7 43. Rh2 Rff8 44. Ne2 Kc7 45. Nd4 Rf7 46. h5 g5 47. fxg5
Rxg5 48. Ne6+ Bxe6 49. dxe6 Re7 50. Nxf5 Rxe6 51. Ne3 Kc6 52. g4 Kc5 53. Kg3
Kd4 54. Re2 Kc3 55. Rf5 Rxf5 56. Nxf5 Nc1 57. Re3+ Kd2 58. g5 hxg5 59. Kg4 Nd3
60. Kxg5 Nf2 1/2-1/2

[Event "Mitropa Cup 21st"]
[Site "Leipzig"]
[Date "2002.05.10"]
[Round "8.3"]
[White "Horvath, Adam"]
[Black "Brumen, Dinko"]
[Result "1-0"]
[WhiteElo "2464"]
[BlackElo "2408"]
[PlyCount "73"]
[EventDate "2002.05.03"]
[EventType "team-tourn"]
[EventRounds "9"]
[EventCountry "GER"]
[Source "ChessBase"]
[SourceDate "2002.08.12"]
[WhiteTeam "Hungary"]
[BlackTeam "Croatia"]
[WhiteTeamCountry "HUN"]
[BlackTeamCountry "CRO"]

1. e4 e6 2. d4 d5 3. Nc3 Bb4 4. e5 c5 5. a3 Bxc3+ 6. bxc3 Ne7 7. h4 Nbc6 8. h5
h6 9. Nf3 Qc7 10. Bd2 Bd7 11. Bd3 Rc8 12. O-O Na5 13. Nh4 cxd4 14. cxd4 Nc4 15.
Bb4 a5 16. Bxe7 Kxe7 17. Qg4 Rcg8 18. Qf4 Be8 19. Rfb1 b5 20. a4 b4 21. c3 Na3
22. Rc1 Qb6 23. cxb4 axb4 24. Rc5 Bxa4 25. Rac1 Rd8 26. Ng6+ fxg6 27. Bxg6 Rhf8
28. Rc7+ Bd7 29. Qh4+ Rf6 30. exf6+ gxf6 31. Qf4 b3 32. Qxh6 Kd6 33. Qg7 Qxd4
34. Rxd7+ Rxd7 35. Qf8+ Ke5 36. Qb8+ Rd6 37. Re1+ 1-0

[Event "Mitropa Cup 21st"]
[Site "Leipzig"]
[Date "2002.05.10"]
[Round "8.4"]
[White "Brkic, Ante"]
[Black "Czebe, Attila"]
[Result "1-0"]
[WhiteElo "2306"]
[BlackElo "2462"]
[PlyCount "175"]
[EventDate "2002.05.03"]
[EventType "team-tourn"]
[EventRounds "9"]
[EventCountry "GER"]
[Source "ChessBase"]
[SourceDate "2002.08.12"]
[WhiteTeam "Croatia"]
[BlackTeam "Hungary"]
[WhiteTeamCountry "CRO"]
[BlackTeamCountry "HUN"]

1. c4 b6 2. d4 Bb7 3. Nc3 e6 4. e3 Bb4 5. Nf3 f5 6. Be2 Nf6 7. O-O O-O 8. Nd2
d6 9. Bf3 Bxf3 10. Qxf3 Nbd7 11. Qc6 Bxc3 12. bxc3 a5 13. Ba3 Ra7 14. Rfe1 Qa8
15. Qa4 c5 16. f3 e5 17. Nf1 Rc7 18. Red1 Qc6 19. Qxc6 Rxc6 20. d5 Rc7 21. Rab1
Rb7 22. Rb5 Rfb8 23. Ng3 g6 24. e4 fxe4 25. Nxe4 Nxe4 26. fxe4 Nf6 27. Re1 Ne8
28. Reb1 Nc7 29. R5b2 Kg7 30. Kf2 Ne8 31. Rb5 Nc7 32. R5b2 a4 33. Ke3 Ne8 34.
Kd3 Nf6 35. Re2 Nh5 36. g3 Rf7 37. Bc1 Rf3+ 38. Be3 Nf6 39. Rf2 Rxf2 40. Bxf2
Ng4 41. Bg1 g5 42. h3 Nf6 43. Be3 h6 44. Rb2 Nd7 45. Ke2 Rf8 46. Bf2 Kf7 47. g4
Ke7 48. Be3 Kd8 49. Rb1 Kc7 50. h4 gxh4 51. Bxh6 Rg8 52. g5 Kd8 53. Kf3 Ke7 54.
Kg4 Nf6+ 55. Kxh4 Nxe4 56. Rxb6 Kf7 57. Kh5 Ng3+ 58. Kg4 Ne4 59. Ra6 Kg6 60.
Rxa4 Rb8 61. Ra7 Nf2+ 62. Kf3 Rb2 63. Rd7 Kh5 64. Rxd6 Ng4 65. Re6 Rf2+ 66. Ke4
Rf4+ 67. Kd3 e4+ 68. Kc2 Rf2+ 69. Kb3 e3 70. d6 Rd2 71. a4 e2 72. d7 Rxd7 73.
Rxe2 Rb7+ 74. Ka3 Kg6 75. a5 Kf5 76. Rb2 Rc7 77. Ka4 Ne5 78. a6 Nxc4 79. Rb7
Rc8 80. a7 Ra8 81. Kb5 Nd6+ 82. Ka6 Nc8 83. Rc7 Nd6 84. Rxc5+ Ke6 85. Rc6 Rd8
86. Rb6 Rc8 87. Rxd6+ Kxd6 88. Kb7 1-0

[Event "Mitropa Cup 21st"]
[Site "Leipzig"]
[Date "2002.05.10"]
[Round "8.2"]
[White "Jenni, Florian"]
[Black "Cvek, Robert"]
[Result "1-0"]
[WhiteElo "2508"]
[BlackElo "2430"]
[PlyCount "71"]
[EventDate "2002.05.03"]
[EventType "team-tourn"]
[EventRounds "9"]
[EventCountry "GER"]
[Source "ChessBase"]
[SourceDate "2002.08.12"]
[WhiteTeam "Switzerland"]
[BlackTeam "Czech Republic"]
[WhiteTeamCountry "SUI"]
[BlackTeamCountry "CZE"]

1. e4 e5 2. Nf3 Nc6 3. Bb5 Nf6 4. d3 d6 5. Nbd2 g6 6. Nf1 Bg7 7. Bg5 h6 8. Bh4
Bd7 9. c3 Ne7 10. Bxd7+ Qxd7 11. Ne3 c6 12. Bxf6 Bxf6 13. d4 exd4 14. cxd4 Bg7
15. O-O O-O 16. Re1 Kh8 17. Qc2 Rae8 18. h4 f5 19. e5 d5 20. b4 f4 21. Nf1 Qg4
22. b5 g5 23. bxc6 bxc6 24. hxg5 hxg5 25. N3h2 Qh4 26. Qe2 Nf5 27. Rad1 Rb8 28.
Rd3 Kg8 29. Qd2 Qh6 30. Ng4 Qg6 31. Nfh2 Rb7 32. Rb3 Rb6 33. Qd3 Qh6 34. Reb1
Rxb3 35. Rxb3 Qh4 36. Nf6+ 1-0

[Event "Mitropa Cup 21st"]
[Site "Leipzig"]
[Date "2002.05.10"]
[Round "8.3"]
[White "Rasik, Vitezslav"]
[Black "Forster, Richard"]
[Result "1/2-1/2"]
[WhiteElo "2424"]
[BlackElo "2459"]
[Annotator "Mueller,Karsten"]
[PlyCount "43"]
[EventDate "2002.05.03"]
[EventType "team-tourn"]
[EventRounds "9"]
[EventCountry "GER"]
[Source "ChessBase"]
[SourceDate "2002.08.12"]
[WhiteTeam "Czech Republic"]
[BlackTeam "Switzerland"]
[WhiteTeamCountry "CZE"]
[BlackTeamCountry "SUI"]

1. e4 d5 2. exd5 Qxd5 3. Nc3 Qa5 4. d4 c6 5. Nf3 Nf6 6. Ne5 Be6 $5 7. Bd2 (7.
Bd3 Nbd7 8. Nxd7 (8. Bf4 Qb4 9. Nxd7 Nxd7 10. O-O Qxd4 (10... Qxb2 11. Qd2 Qa3
12. Rab1 $44) 11. Qf3 g6 $6 (11... Ne5 $5 12. Bxe5 Qxe5 $13) 12. Rad1 Qb4 13.
Nb5 $3 {ein wunderschöner Schlag} Rc8 (13... cxb5 14. Qxb7 Qxf4 (14... Nb6 15.
Bd2 Qc5 16. Be3 $18) 15. Qxa8+ Qb8 16. Qxb8+ Nxb8 17. Bxb5+ Bd7 18. Rxd7 Nxd7
19. Rd1 $16) 14. Nc7+ Rxc7 15. Bxc7 Bg7 16. Qe2 $14 {1-0 Nikolenko,
O-Shvedchikov,A/Moscow 1995/EXT 95ch (25)}) 8... Bxd7 9. O-O e6 (9... Bg4 10.
Qd2 e6 11. Ne4 Qxd2 12. Nxf6+ gxf6 13. Bxd2 $14 {1/2-1/2 Rajlich,V-Nemeth,Z/
Budapest HUN 2001/The Week in Chess 331 (68)}) 10. Bf4 Qb6 11. Ne2 c5 12. c3
Bd6 13. dxc5 Qxc5 14. Bxd6 Qxd6 15. Ng3 Bc6 16. Bb5 {1/2-1/2 San Segundo,
P-Ricardi,P/Buenos Aires 1995/CBM 49 (16)}) (7. Bc4 Bxc4 8. Nxc4 Qd8 (8... Qa6
9. Qe2 e6 10. Bf4 Nd5 11. Bd6 Nxc3 12. bxc3 Nd7 13. Bxf8 Kxf8 14. Qd3 Ke7 15.
a4 Nb6 16. Ne5 Qxd3 17. cxd3 $14 {1-0 Topalov,V-Van Wely,L/Monte Carlo 1997/
EXP 57 (79)}) 9. Bg5 e6 10. Bxf6 Qxf6 {1/2-1/2 Fernandez Garcia,J-Korneev,O/
Dos Hermanas 2001/CBM 83 (10)}) (7. Nc4 Bxc4 (7... Qc7 8. a4 g6 9. Be2 Bg7 10.
Bg5 Nbd7 11. Qd2 Rd8 12. Bf4 Qc8 13. O-O O-O 14. Rad1 $14 {1/2-1/2 Kuczynski,
R-Gomez Baillo,J/Novi Sad 1990/TD 90\06 (43)}) 8. Bxc4 e6 9. O-O Be7 (9... Bd6
10. Qf3 Qc7 11. h3 Nbd7 12. Bb3 O-O-O 13. Ne4 Nxe4 14. Qxe4 h6 15. Qf3 {1/2-1/
2 Horvath,C-Van der Werf,M/Arnhem 1988/TD 88\09 (15)}) 10. Qd3 $14 Nbd7 11. Ne4
Rd8 12. Bf4 O-O 13. c3 Nh5 14. Bd6 Bxd6 15. Nxd6 Qg5 $5 16. Qf3 Nb6 17. Ne4 Qf5
18. Be2 Nf4 19. Rfe1 Nxe2+ 20. Qxe2 $11 {1/2-1/2 Rabiega,R-Beliavsky,A/Austria
1997/EXP 57/[Balinov,I] (56)}) 7... Nbd7 (7... Qb6 $5 8. Bc1 Nbd7 9. Nc4 Bxc4
10. Bxc4 e6 11. O-O Be7 12. Bb3 O-O 13. Be3 Qc7 14. Qf3 a6 15. Bf4 Bd6 16. Bxd6
Qxd6 17. Rad1 Rad8 18. Rfe1 Rfe8 19. Ne4 Nxe4 20. Qxe4 Nc5 21. Qf3 Nxb3 22.
Qxb3 {1/2-1/2 Zarnicki,P-Gomez Baillo,J/Buenos Aires 1990/EXT 90op2 (22).}) 8.
Nc4 Qc7 9. Bd3 Bxc4 10. Bxc4 e6 11. Qe2 Bd6 12. g3 O-O-O 13. O-O-O Nb6 14. Bb3
Nbd5 15. Kb1 Kb8 16. f4 $6 {dies kommt Schwarz entgegen. Das Feld f5 wird wird
für seine Springer nutzbar, das Feld e4 geschwächt und der schwarzfeldrige
weiße Läufer verliert Perspektiven.} (16. Ne4 Nxe4 17. Qxe4 $11 {/+/=}) 16...
h5 $1 $15 17. Qf3 Ne7 18. h3 Bb4 19. Bc1 (19. Ne4 Bxd2 20. Rxd2 Nxe4 21. Qxe4
Nf5 22. Rg1 c5 $15) 19... Bxc3 20. Qxc3 Nf5 21. Rd3 c5 (21... Rd7 $5) 22. Qxc5
(22. Qxc5 Rxd4 23. Qxc7+ Kxc7 24. Rxd4 Nxd4 $15) 1/2-1/2